Fundamentals of Financial Management (Record no. 15277)

MARC details
000 -LEADER
fixed length control field 00389nam a22001577a 4500
020 ## - INTERNATIONAL STANDARD BOOK NUMBER
ISBN 0130189987
020 ## - INTERNATIONAL STANDARD BOOK NUMBER
ISBN 978-0130189981
082 ## - DEWEY DECIMAL CLASSIFICATION NUMBER
Classification number 658HOR
100 ## - MAIN ENTRY--AUTHOR NAME
Personal name Horne, James C. Van
245 ## - TITLE STATEMENT
Title Fundamentals of Financial Management
260 ## - PUBLICATION, DISTRIBUTION, ETC. (IMPRINT)
Place of publication London:
Name of publisher Prentice-Hall,
Year of publication 2003.
300 ## - PHYSICAL DESCRIPTION
Number of Pages 743p. ;
650 ## - SUBJECT ADDED ENTRY--TOPICAL TERM
Topical Term Financial Management
700 ## - ADDED ENTRY--PERSONAL NAME
Personal name Wachowicz, John M.
942 ## - ADDED ENTRY ELEMENTS (KOHA)
Koha item type Books
Holdings
Withdrawn status Lost status Home library Current library Date acquired Full call number Accession Number Koha item type
    Library for Girls Library for Girls 17/03/2016 658HOR D1290 Books